000
00300nam a2200109Ia 4500
008
220204s9999 xx 000 0 und d
082
_a
035.077
_b
GOL
245
0
_a
Business disclosure: Government's need to know
260
_a
New York
_b
McGraw Hill
_c
1979
700
_a
GOLDSCHMID, Harvey J
942
_c
BK
999
_c
35474
_d
35474